| 000 | 00699nam a2200241 a 4500 | ||
|---|---|---|---|
| 001 | 000015999 | ||
| 003 | DO-SdBNP | ||
| 005 | 20231011110318.0 | ||
| 008 | 231011b1998 cl || 00| 0 spa d | ||
| 020 | _a9580441618 | ||
| 040 |
_aBPMSU _bspa _cBPMSU |
||
| 082 | 4 |
_a862.3 _bC146v 1998 _222 |
|
| 100 | 1 |
_aCalderón de la Barca, Pedro, _d1600–1681 |
|
| 245 | 1 | 3 |
_aLa vida es sueño / _cPedro Calderón de Barca |
| 260 |
_aSantafé de Bogota : _bNorma. _c1998 |
||
| 300 |
_a134 p. ; _c22 cm. |
||
| 490 | 0 | _aLa maquina del tiempo | |
| 590 | _aInventariado, 2023/VM | ||
| 650 | 4 | _aTeatro español | |
| 650 | 4 | _aLlitetura española | |
| 910 | _aVMateo V. Control de calidad. BPMSU | ||
| 942 |
_2ddc _cBK |
||
| 999 |
_c8930 _d8930 |
||